000 00529nam a2200169 a 4500
001 000025719
005 20200930024010.0
008 110221s1980 txu r 000 0 spa d
040 _aDO-SdBNP
_bspa
_cBNPHU
082 _aNNN
_bR778p
100 1 _aRoop, Geane A.
_d1890-
_952487
245 1 0 _aEl Primario y su iglesia /
_cGeane A. Roop ; traducido por Olivia S.D. de Lerín.
260 _aEl Paso, Texas :
_bCasa Bautista,
_c[1980?].
300 _a111 p. ;
_c19 cm.
700 1 _aLerín, Olivia S.D. de
_etr.
_952488
049 _aBNGR
999 _c25211
_d25211